Špecializácia ako konkurenčná výhoda

Po automobilovom priemysle sa Slovensko pomaly stáva veľmocou aj ďalšom odvetví - logistike. Ponúkať a realizovať logistické služby je však trochu iné, ako predávať autá. Kríza zostrila konkurenciu a enormne zvýšila tlak na logistické firmy.

Gespeichert in:
Bibliographische Detailangaben
1. Verfasser: Marianyi, Peter
Format: Buchkapitel
Sprache:Slowakisch
Schlagworte:
Tags: Tag hinzufügen
Keine Tags, Fügen Sie das erste Tag hinzu!

MARC

LEADER 00000naa a2200000 4500
001 0165645
005 20231011123320.6
041 0 |a slo 
044 |a SK 
245 1 0 |a Špecializácia ako konkurenčná výhoda  |c Peter Marianyi 
520 |a Po automobilovom priemysle sa Slovensko pomaly stáva veľmocou aj ďalšom odvetví - logistike. Ponúkať a realizovať logistické služby je však trochu iné, ako predávať autá. Kríza zostrila konkurenciu a enormne zvýšila tlak na logistické firmy. 
610 2 0 |a podnik logistický 
610 2 0 |a služby logistické 
610 2 0 |a špecializácia 
610 2 0 |a výhody konkurenčné 
610 2 0 |a Slovensko 
100 1 |a Marianyi, Peter